000 00604nam a22001577a 4500
003 OSt
005 20151208140906.0
008 151204b xxu||||| |||| 00| 0 eng d
040 _cRUA
082 _aFIS DY 2003 B187 Or.1
100 _94323
_aDY, LEAK.
245 _aFishing gear survey in botum sarkor district koh konh province, ការអង្កេតឧបករណ៍នេសាទដែលប្រើនៅឃុំថ្មស ស្រុកបូទុមសាគរ ខេត្តកោះកុង
260 _aPhnom Penh
_bRUA
_c2003
300 _a46p.
_bill.
_c29cm.
942 _2ddc
_cFIS
999 _c4036
_d4036